00768 2200277 4500001002100000005001500021035002000036007000300056040001700059100003100076245007600107250001000183300003500193041000800228082001000236084001600246090001600262264004100278336002100319337003000340338002300370650002400393850001000417008004100427990002200468INLIS00000000001343720260415091342 a0010-0725000196ta aSBPUPADbind0 aLincolin ArsyadePengarang1 aPengantar Perencanaan dan Pembangunan Ekonomi Daerah /cLincolin Arsyad acet.1 axii, 374 hlm :bilus. ;c23 cm bind a338.9 a338.9 LIN p a338.9 LIN p aYogyakarta :bBPFE yogyakarta,c1999 2rdacontentaTeks 2rdamediaatanpa perantara 2rdacarrieravolume 4aEkonomi Pembangunan aPUPAD260415 0  a39.249/S/DPK/2025